书目信息 |
| 题名: |
家用录象机原理与电路解说
|
|
| 作者: | 王明臣 , 刘学达 , 林正豹 编 | |
| 分册: | ||
| 出版信息: | 北京 科技文献出版社 1986 |
|
| 页数: | 517页 | |
| 开本: | 26cm | |
| 丛书名: | 电子技术类职业教育丛书 | |
| 单 册: | ||
| 中图分类: | TN946 , TN646 | |
| 科图分类: | ||
| 主题词: | 录像机 , 电声器件 | |
| 电子资源: | ||
| ISBN: | ||
| 000 | 00842nam2 2200301 45 | |
| 001 | 0186001707 | |
| 005 | 20061124092228.87 | |
| 010 | @dCNY6.85 | |
| 091 | @aCN@b15176.708 | |
| 100 | @a19901014d1986 em y0chiy0121 ea | |
| 101 | 0 | @achi |
| 102 | @aCN@b110000 | |
| 105 | @ay z 000yy | |
| 200 | 10 | @a家用录象机原理与电路解说@Ajia yong lu xiang ji yuan li yu dian lu jie shuo@f林正豹等编 |
| 210 | @a北京@c科技文献出版社@d1986 | |
| 215 | @a517页@d26cm | |
| 225 | 2 | @a电子技术类职业教育丛书@v10 |
| 410 | 0 | @120010@a电子技术类职业教育丛书 |
| 606 | @a录像机 | |
| 606 | 0 | @a电声器件 |
| 690 | @aTN946@v3 | |
| 690 | @aTN646@v3 | |
| 701 | 0 | @a王明臣@Awang ming chen@4编 |
| 701 | 0 | @a刘学达@Aliu xue da@4编 |
| 701 | 0 | @a林正豹@Alin zheng bao@4编 |
| 801 | 2 | @aCN@bNLC@c20061124 |
| 801 | 0 | @aCN@bTSSF |
| 905 | @a10447@dTN646@e48 | |
| 家用录象机原理与电路解说/林正豹等编.-北京:科技文献出版社,1986 |
| 517页;26cm.-(电子技术类职业教育丛书;10) |
| ISBN :CNY6.85 |
| ● |
| 相关链接 |
|
|
|
|
正题名:家用录象机原理与电路解说
索取号:TN646/48
 
预约/预借
| 序号 | 登录号 | 条形码 | 馆藏地/架位号 | 状态 | 备注 |
| 1 | 0216645 | 001651901 | 第二样本阅览室/ [索取号:TN646/48] | 在馆 |